Statistiques concernant Marques de voitures #1

Cliquez ici pour prendre le quiz!

Statistiques générales

  • Ce quiz a été pris 1 222 fois
  • Le résultat moyen est 11 sur 14

Réponses sur la Carte

Les réponses sont colorées sur une échelle allant du rouge au vert en fonction du pourcentage des utilisateurs qui les ont devinées à leur premier essai. Vous pouvez retrouver ces pourcentages ci-dessous.
 

Statistiques - réponses

Réponse% Correct
Jaguar
90%
Bugatti
89%
Rolls-Royce
85%
Toyota
83%
Suzuki
82%
Hyundai
80%
Maserati
80%
Mitsubishi
78%
Honda
77%
Mazda
77%
Subaru
74%
Cadillac
73%
Buick
70%
Dodge
68%

Distribution des résultats

Percentile par nombre de réponses

% des personnes avec chaque résultat

Votre développement - résultats

Vous n’avez pas pris ce quiz